INTRODUCTION TO ROBOTICS (Record no. 25830)

MARC details
000 -LEADER
fixed length control field 00340nam a22001577a 4500
003 - CONTROL NUMBER IDENTIFIER
control field SGT
020 ## - INTERNATIONAL STANDARD BOOK NUMBER
International Standard Book Number 9789356062191
082 ## - DEWEY DECIMAL CLASSIFICATION NUMBER
Classification number 620,CRA
100 ## - MAIN ENTRY--PERSONAL NAME
Personal name CRAIG JOHAN
245 ## - TITLE STATEMENT
Title INTRODUCTION TO ROBOTICS
250 ## - EDITION STATEMENT
Edition statement 4RTH
260 ## - PUBLICATION, DISTRIBUTION, ETC. (IMPRINT)
Place of publication, distribution, etc INDIA
Name of publisher, distributor, etc PEARSON
Year of Publication 2023
300 ## - PAGE DESCRIPTION
No. of Pages 452
650 ## - SUBJECT ADDED ENTRY--TOPICAL TERM
Topical term or geographic name as entry element MECHANICAL ENGINEERING
942 ## - ADDED ENTRY ELEMENTS (KOHA)
Source of classification or shelving scheme Dewey Decimal Classification
Koha item type Books
942 ## - ADDED ENTRY ELEMENTS (KOHA)
-- 2
Holdings
Withdrawn status Lost status Source of classification or shelving scheme Damaged status Not for loan Collection code Home library Current library Shelving location Date acquired Vendor Name Cost, normal purchase price SGTU Bill Number Total Checkouts Full call number Accession No. (Barcode) Date last seen Bill Date Koha item type Use restrictions Date last borrowed
    Dewey Decimal Classification     ENGINEERING SGT Engineering Library SGT Engineering Library Text Book 21/03/2024 ABC PUBLISHERS & DISTRIBUTORS PVT. LTD. 1070.00 SGTU IN256   620,CRA FE8900 21/03/2024 06/03/2024 Books    
    Dewey Decimal Classification     ENGINEERING SGT Engineering Library SGT Engineering Library Text Book 21/03/2024 ABC PUBLISHERS & DISTRIBUTORS PVT. LTD. 1070.00 SGTU IN256   620,CRA FE8901 21/03/2024 06/03/2024 Books Restricted Access  
    Dewey Decimal Classification     ENGINEERING SGT Engineering Library SGT Engineering Library Text Book 21/03/2024 ABC PUBLISHERS & DISTRIBUTORS PVT. LTD. 1070.00 SGTU IN256 2 620,CRA FE8902 30/12/2024 06/03/2024 Books   24/12/2024